01147nam a22002897a 4500001001000000003000900010005001700019007000300036008003400039040005400073041001000127072003200137090001900169100002000188110014100208245013400349260004000483300001000523500003900533650002000572650002900592650002400621909003600645942000700681999001700688952015200705BR6004661BR-BrBNA20230928083214.0ta230509b bl.||||| |||| 00| 0 por d aBR-BrBNAbporcBiblioteca Nacional de Agricultura a(Por) aL30; F25b1930b3820b/G514  1930 BR60046611 aMaraschin, G.E.1 aUniversidade Federal do Rio Grande do Sul, Porto Alegre (Brasil). Faculdade de Agronomia e Veterinaria0Tese (Magister Scientiae)9111611 aEfeito da adubacao nitrogenada e das frequencias de corte no manejo inicial de Phalaris tuberosa L. [Graminea forrageira; Brasil]3 aPorto Alegre, RS (Brasil): c1969.  a89 p. a46 ref.; Summary (Por); Microficha aNutricao animal aFertilizante nitrogenado aGraminea forrageira a202309bLuciac55dLucia Elande cBK c12138d12138 002AGRIS40708AGROBASEa41918b41918l0o 1930 BR6004661p1930 BR6004661r2023-09-25t01yBK10d2023-09-25ePortaria Interministerial nÂș 164/94